000 00684nam a2200217 a 4500
001 3630
003 CO-ViMGA
008 141112s2004 ck r 000 u spa d
020 _a8475098134
040 _aCO-ViMGA
_bspa
_cCO-ViMGA
082 0 4 _aMEVIECAR.42 M376
245 1 0 _aLos metodos de investigación en las ciencias sociales /
_cFestinger Leon , Katz Daniel
260 _aBarcelona :
_bPaidós,
_c1992
300 _a590 p
490 _aPaidós básico, 42
590 _aDatos de inventario : 05642
650 1 4 _aCIENCIA - Investigación
_953597
650 1 4 _aCIENCIAS SOCIALES - Investigación
_953598
650 1 4 _aMETODOLOGIA DE LA Investigación
_92646
942 _2ddc
_cBK
999 _c15668
_d15668